Vznik obchodní společnosti z pohledu živnostenského zákona.

Jednou z najdôležitejších požiadaviek pri založení a vzniku obchodnej spoločnosti, je získanie preukazu živnostenského či iného podnikateľského oprávnenia, bez ktorého je nemožný zápis do obchodného registra. Charakteristika postupu podľa živnostenského zákona.

Gespeichert in:
Bibliographische Detailangaben
Format: Buchkapitel
Sprache:Tschechisch
Schlagworte:
Tags: Tag hinzufügen
Keine Tags, Fügen Sie das erste Tag hinzu!

MARC

LEADER 00000naa a2200000 4500
001 r007983
005 20220831084225.6
041 0 |a cze 
044 |a [CS] 
245 1 0 |a Vznik obchodní společnosti z pohledu živnostenského zákona. 
520 |a Jednou z najdôležitejších požiadaviek pri založení a vzniku obchodnej spoločnosti, je získanie preukazu živnostenského či iného podnikateľského oprávnenia, bez ktorého je nemožný zápis do obchodného registra. Charakteristika postupu podľa živnostenského zákona. 
610 2 0 |a spoločnosti obchodné 
610 2 0 |a zákony 
610 2 0 |a právo obchodné 
610 2 0 |a register obchodný 
610 2 0 |a živnosti 
610 2 0 |a ČSFR